Focus on comprehension
This book contains approximately 30 passages, with focused comprehension tasks that are preceded by the teaching of key comprehension skills. There are 19 main units, each focusing on a different skill or area and 4 summative Practice Unints and a final Review Paper, all designed to prepare students...
Wedi'i Gadw mewn:
| Prif Awdur: | |
|---|---|
| Fformat: | Llyfr |
| Iaith: | Undetermined |
| Cyhoeddwyd: |
Singapore
Learners Pulishing
2006
|
| Pynciau: | |
| Tagiau: |
Ychwanegu Tag
Dim Tagiau, Byddwch y cyntaf i dagio'r cofnod hwn!
|
| Thư viện lưu trữ: | Trung tâm Học liệu Trường Đại học Cần Thơ |
|---|
| LEADER | 00894nam a2200217Ia 4500 | ||
|---|---|---|---|
| 001 | CTU_134264 | ||
| 008 | 210402s9999 xx 000 0 und d | ||
| 020 | |c 108000 | ||
| 082 | |a 428.6 | ||
| 082 | |b G696/Book2 | ||
| 100 | |a Gould, Mike | ||
| 245 | 0 | |a Focus on comprehension | |
| 245 | 0 | |c Mike Gould | |
| 260 | |a Singapore | ||
| 260 | |b Learners Pulishing | ||
| 260 | |c 2006 | ||
| 520 | |a This book contains approximately 30 passages, with focused comprehension tasks that are preceded by the teaching of key comprehension skills. There are 19 main units, each focusing on a different skill or area and 4 summative Practice Unints and a final Review Paper, all designed to prepare students for formal assessments. | ||
| 650 | |a Comprehension,Thuật ngữ | ||
| 650 | |x Focus,Định vị | ||
| 904 | |i Nguyễn Kim Chung | ||
| 980 | |a Trung tâm Học liệu Trường Đại học Cần Thơ | ||